000 00455cam a22001575a 4500
001 J100761
008 000000s1913 xxk 000 0 eng u
035 _a(Sirsi) u100761
110 _aAuctioneers' and Estate Agents' Institute of the United Kingdom
_93789
245 _aRegulations and syllabus of the examinations in March 1913.
260 _c1912
300 _a32p.
651 4 _aUnited Kingdom
_y
690 _aBusiness and management
942 _n0
999 _c99810
_d99810